000 00649nam a2200241 i 4500
001 bg
100 1 _aNIEŁACNY, Marian
245 1 0 _aUderzenia hydrauliczne /
_cMarian Niełacny.
260 _aPoznań :
_bWydaw. Politechniki Poznańskiej,
_c2002.
300 _a125 s. :
_bil. ;
_c24 cm.
504 _aBibliogr.
650 9 _aHydraulika
650 9 _aWodociągi
_xeksploatacja
650 9 _aWodociągi
_xprojekty
655 _aPodręczniki akademickie
020 _a837143412X
040 _cBPK
041 0 _apol
080 _a628.1:532.5](075.8)
920 _a83-7143-412-X
942 _cKS
008 s pl f |000 0 pol
999 _c43053
_d43053
856 _uhttp://koha.tu.koszalin.pl/cgi-bin/koha/opac-detail.pl?biblionumber=43053
_yKatalog online BPK